Propuesta técnica y financiera de un proceso para la producción de aceites microbianos (TAGs) a partir de una bacteria bioingenierizada del género Rhodococcus que utiliza suero láctico como fuente de carbono
Guardado en:
| Hovedforfatter: | |
|---|---|
| Andre forfattere: | |
| Format: | Bog |
| Sprog: | Spanish |
| Udgivet: |
[San José, Costa Rica]
2022
|
| Fag: | |
| Tags: |
Tilføj Tag
Ingen Tags, Vær først til at tagge denne postø!
|
MARC
| LEADER | 00000nam a2200000Ia 4500 | ||
|---|---|---|---|
| 003 | 013576 | ||
| 005 | 20230413135715.0 | ||
| 008 | 140114s2022 cr a 000 ||spa d | ||
| 040 | |c cru CEDI | ||
| 100 | |a Quirós Cordero, Andrea, 1997- |9 409 | ||
| 245 | |a Propuesta técnica y financiera de un proceso para la producción de aceites microbianos (TAGs) a partir de una bacteria bioingenierizada del género Rhodococcus que utiliza suero láctico como fuente de carbono | ||
| 260 | |a [San José, Costa Rica] |c 2022 | ||
| 500 | |a Proyecto de graduación(licenciatura en ingeniería química)--Universidad de Costa Rica. Facultad de Ingeniería. Escuela de Ingeniería Química | ||
| 501 | |a Directora de Proyecto de Graduación: Ing. Natalia Montero Rambla, M.Sc. | ||
| 651 | |x SUERO DE LECHE |x LIPIDOS - PRODUCCION |x BIOINGENIERIA |x RHODOCOCCUS |x LÍPIDOS - PRODUCCIÓN - ASPECTOS ECONÓMICOS |x BIORREACTORES | ||
| 700 | |a Montero Rambla, Natalia, 1988- |d Directota del TFG |9 11 | ||
| 942 | |c CEDI |h TFG 8727 |6 TFG_8727_000000000000000 | ||
| 999 | |c 22079 |d 22079 | ||
